| 000 | 00466nam a22001697a 4500 | ||
|---|---|---|---|
| 003 | OSt | ||
| 005 | 20120302150059.0 | ||
| 008 | 090613t xxu||||| |||| 00| 0 eng d | ||
| 035 | _a५१०८ | ||
| 040 | _cमराठी | ||
| 100 |
_aपंडित, नलिनी _96265 |
||
| 245 | _aगांधी | ||
| 250 | _a१ ली | ||
| 260 |
_aमंबई _bग्रंथाली _c१९८३ |
||
| 300 | _b२७२ पाने | ||
| 942 |
_2ddc _cBOOK |
||
| 999 |
_c491306 _d491303 |
||